LEADER 01507nam 2200349 n 450 001 996390352203316 005 20200824120436.0 035 $a(CKB)4940000000098806 035 $a(EEBO)2240853630 035 $a(UnM)99825876e 035 $a(UnM)99825876 035 $a(EXLCZ)994940000000098806 100 $a19941114d1660 uy | 101 0 $aeng 135 $aurbn||||a|bb| 200 12$aA directory for the publique worship of God throughout the three kingdoms of England, Scotland and Ireland$b[electronic resource] $eTogether with an ordinance of Parliament for taking away of the Book of common-prayer. And for the establishing and observing of this present directory throughout the kingdom of England and dominion of Wales. With propositions concerning church-government. And ordination of ministers 210 $aLondon $cprinted by Tho. Ratcliffe, for the Company of Stationers$d1660 215 $a[2], 91, [1] p 300 $aSigned at end: A. Ker. 300 $aReproduction of the original in the Henry E. Huntington Library and Art Gallery. 330 $aeebo-0113 701 $aKer$b A$01001307 712 02$aEngland and Wales.$bParliament. 712 12$aWestminster Assembly$f(1643-1652) 801 0$bCu-RivES 801 1$bCu-RivES 801 2$bCStRLIN 801 2$bWaOLN 906 $aBOOK 912 $a996390352203316 996 $aA directory for the publique worship of God throughout the three kingdoms of England, Scotland and Ireland$92389701 997 $aUNISA LEADER 00816nam a2200241 i 4500 001 991001683289707536 005 20020507150515.0 008 011107s1946 it ||| | ita 035 $ab11548873-39ule_inst 035 $aLE02723152$9ExL 040 $aDip.to Studi Giuridici$bita 082 0 $a340.02 100 1 $aSalvi, Ferdinando$0229101 245 12$aL'affiliazione /$cFerdinando Salvi 260 $aMilano :$bA. Giuffrè,$c1946 300 $avii, 120 p. ;$c26 cm. 650 4$aDiritto comparato$xStoria 907 $a.b11548873$b02-04-14$c02-07-02 912 $a991001683289707536 945 $aLE027 340.02 SAL01.01$g1$iLE027-9739$lle027$o-$pE0.00$q-$rl$s- $t0$u0$v0$w0$x0$y.i11748291$z02-07-02 996 $aAffiliazione$9579600 997 $aUNISALENTO 998 $ale027$b01-01-01$cm$da $e-$fita$git $h2$i1 LEADER 01975oam 2200457 450 001 9910814941803321 005 20170523091603.0 010 $a1-5063-1081-8 010 $a1-4522-7632-3 010 $a1-78402-464-3 010 $a1-4129-6933-6 035 $a(OCoLC)855731851 035 $a(MiFhGG)GVRL6MSW 035 $a(EXLCZ)993520000000003710 100 $a20130409d2013 uy 0 101 0 $aeng 135 $aurun|---uuuua 181 $ctxt 182 $cc 183 $acr 200 00$aEncyclopedia of military science /$feditor, G. Kurt Piehler; associate editor, M. Houston Johnson V 210 1$aThousand Oaks, Calif. :$cSAGE Publications,$d2013. 215 $a1 online resource (xxxvi, 1824 pages) $cillustrationsmaps 225 0 $aGale eBooks 300 $aA Sage reference publication. 311 $a1-322-30772-5 311 $a1-4522-7633-1 320 $aIncludes bibliographical references and index. 327 $aVolume 1. A-C -- Volume 2. D-M -- Volume 3. N-S -- Volume 4. T-Z. 330 8 $aA comprehensive, ready-reference on the organization, training, traditions, purpose, and functions of today's military. A large component is devoted to issues of leadership, group dynamics, motivation, problem-solving, and decision making in the military context. It also covers recent American military history since the end of the Cold War with a special emphasis on peacekeeping and peacemaking operations, the First Persian Gulf War, the events surrounding 9/11, and the wars in Afghanistan and Iraq and how the military has been changing in relation to these events. 606 $aMilitary art and science$vEncyclopedias 615 0$aMilitary art and science 676 $a355.003 702 $aPiehler$b G. Kurt. 702 $aJohnson$b M. Houston$cV., 801 0$bMiFhGG 801 1$bMiFhGG 906 $aBOOK 912 $a9910814941803321 996 $aEncyclopedia of military science$94093547 997 $aUNINA